LEADER 01007nam0 2200289 450 001 000038898 005 20141006141422.0 010 $a84-7039-275-1 100 $a20141006d1976----km-y0itaa50------ba 101 0 $aspa 102 $aES 200 1 $a<> año literario español 1977$fXesús Alonso Montero ... [et al.] 210 $aMadrid$cCastalia$d1976 215 $a172 p.$d18 cm 225 2 $aLiteratura y sociedad$v18 410 0$12001$aLiteratura y sociedad$v18 606 1 $aLetteratura spagnola 676 $a860.64$v(22. ed.)$9Letteratura spagnola. 1945-1999 702 1$aMontero,$bXesús Alonso 801 0$aIT$bUniversità della Basilicata - B.I.A.$gREICAT$2unimarc 912 $a000038898 996 $aAño literario español 1977$91530450 997 $aUNIBAS BAS $aLETTERE CAT $aEXT017$b01$c20141006$lBAS01$h1414 FMT Z30 -1$lBAS01$LBAS01$mBOOK$1BASA1$APolo Storico-Umanistico$2DSLF$BCollezione DiSLF$3DF/E1994$63470$5F3470$820141006$f04$FPrestabile Didattica LEADER 01080nam2 22003013i 450 001 FOG0501391 005 20251003044154.0 010 $a9788829920365 100 $a20161110d2010 ||||0itac50 ba 101 | $aita 102 $ait 181 1$6z01$ai $bxxxe 182 1$6z01$an 183 1$6z01$anc$2RDAcarrier 200 0 $a1$fG. M. Pontieri, M. A. Russo, L. Frati 205 $a4. ed 210 $aPadova$cPiccin$d2010$hstampa 2011 215 $aXXIV, 905 p.$cill.$d27 cm 461 1$1001FOG0501387$12001 $aPatologia generale$fG. M. Pontieri, M. A. Russo, L. Frati$gcoautori: P. Allavena ... [et al.]$v1 606 $aPATOLOGIA GENERALE$2FIR$3MILC003806$9I 676 $a616.07$9Malattie. Patologia$v14 801 3$aIT$bIT-000000$c20161110 850 $aIT-BN0095 $aIT-NA0070 912 $aFOG0501391 950 2$aBiblioteca Centralizzata di Ateneo$cv. 1-2$d 0104-LT 616.07 PON pa(1$e 0104 0000024125 VMA (1 v. 1$fB $h20130510$i20130510 977 $a 01$a BU 996 $a1$961339 997 $aUNISANNIO